000 00185 a2200097 4500
020 _a9789992457986
041 _aspa
100 _aLuis Gutierrez
245 _aMi Matematica
942 _cBK
999 _c15320
_d15320